[Event "13th Asian Continental 2014"]
[Site "Sharjah UAE"]
[Date "2014.04.17"]
[Round "1.27"]
[White "Shehab, Ibrahim"]
[Black "Wan, Yunguo"]
[Result "0-1"]
[BlackTitle "IM"]
[WhiteElo "2082"]
[BlackElo "2505"]
[WhiteFideId "10300082"]
[BlackFideId "8603189"]
[EventDate "2014.04.17"]

1. d4 Nf6 2. c4 g6 3. Nc3 Bg7 4. e4 d6 5. Nf3 O-O 6. Be2 e5 7. O-O Nc6 8. d5 Ne7
9. Ne1 Nd7 10. Be3 f5 11. f3 f4 12. Bf2 g5 13. b4 Nf6 14. Rc1 Ng6 15. Nb5 g4 16.
Kh1 g3 17. Bg1 gxh2 18. Bf2 a6 19. Na3 Nh5 20. c5 Bf6 21. Kxh2 Ng3 22. Nd3 Nxf1+
23. Qxf1 Bh4 24. Qe1 Bd7 25. cxd6 cxd6 26. Nc4 Bb5 27. Bxh4 Nxh4 28. Nxd6 Bxd3
29. Nxb7 Qg5 30. Bf1 Rac8 31. Nc5 Bxf1 32. Qxf1 Rf6 33. Qf2 Rh6 34. Kg1 Rg6 35.
Rc2 Nxg2 0-1

[Event "13th Asian Continental 2014"]
[Site "Sharjah UAE"]
[Date "2014.04.17"]
[Round "1.28"]
[White "Debashis, Das"]
[Black "Chahrour, Ibrahim"]
[Result "1-0"]
[WhiteTitle "GM"]
[BlackTitle "FM"]
[WhiteElo "2504"]
[BlackElo "2079"]
[WhiteFideId "5024854"]
[BlackFideId "5301653"]
[EventDate "2014.04.17"]

1. e4 d5 2. exd5 Nf6 3. d4 Bg4 4. f3 Bc8 5. c4 e6 6. dxe6 Bb4+ 7. Bd2 Be7 8.
exf7+ Kxf7 9. Bc3 Re8 10. Bd3 Nc6 11. Ne2 Nb4 12. O-O Nxd3 13. Qxd3 g6 14. Nd2
Kg8 15. Ne4 c6 16. Rae1 b6 17. N2g3 Ba6 18. f4 Nxe4 19. Rxe4 Qd5 20. Qe3 Bxc4
21. Re1 1-0

[Event "13th Asian Continental 2014"]
[Site "Sharjah UAE"]
[Date "2014.04.17"]
[Round "1.29"]
[White "Mamyrbay, Assad"]
[Black "Al-Sayed, Mohammed"]
[Result "1-0"]
[BlackTitle "GM"]
[WhiteElo "2017"]
[BlackElo "2502"]
[WhiteFideId "13708880"]
[BlackFideId "12100196"]
[EventDate "2014.04.17"]

1. e4 c5 2. Nf3 d6 3. d4 cxd4 4. Nxd4 Nf6 5. Nc3 a6 6. Be3 Nbd7 7. f3 e6 8. Qd2
b5 9. g4 Nb6 10. a4 Nc4 11. Bxc4 bxc4 12. a5 Bd7 13. g5 Nh5 14. Nde2 h6 15. h4
Be7 16. Bb6 Qc8 17. O-O-O Qb7 18. Nf4 Nxf4 19. Qxf4 Qc6 20. Rhg1 hxg5 21. hxg5
e5 22. Qe3 Be6 23. f4 Rh3 24. Rg3 exf4 25. Qxf4 Rxg3 26. Qxg3 Rc8 27. g6 f6 28.
Qh2 Rb8 29. Nd5 Rb7 30. Nxe7 Kxe7 31. Qh8 1-0

[Event "13th Asian Continental 2014"]
[Site "Sharjah UAE"]
[Date "2014.04.17"]
[Round "1.30"]
[White "Idani, Pouya"]
[Black "Abdulkarim, Ali"]
[Result "1-0"]
[WhiteTitle "IM"]
[WhiteElo "2502"]
[BlackElo "1927"]
[WhiteFideId "12510130"]
[BlackFideId "9301640"]
[EventDate "2014.04.17"]

1. Nf3 Nf6 2. c4 e6 3. b3 c5 4. g3 Nc6 5. Bg2 Be7 6. Bb2 O-O 7. O-O d5 8. e3 Qb6
9. cxd5 exd5 10. d4 Bg4 11. dxc5 Qxc5 12. Nc3 d4 13. exd4 Qh5 14. Re1 Rad8 15.
Qd3 Bxf3 16. Bxf3 Rxd4 17. Qxd4 Qxf3 18. Qf4 Qh5 19. Kg2 Bc5 20. Ne4 Nd5 21. Qf3 1-0

[Event "13th Asian Continental 2014"]
[Site "Sharjah UAE"]
[Date "2014.04.17"]
[Round "1.31"]
[White "khayat, Abdullah F"]
[Black "Dao, Thien Hai"]
[Result "0-1"]
[BlackTitle "GM"]
[WhiteElo "1716"]
[BlackElo "2490"]
[WhiteFideId "21500460"]
[BlackFideId "12400084"]
[EventDate "2014.04.17"]

1. e4 c5 2. Nf3 d6 3. h3 Nf6 4. Nc3 a6 5. d3 Nc6 6. a3 e6 7. Bg5 Be7 8. Be2 h6
9. Bh4 b5 10. O-O Bb7 11. Qd2 O-O 12. Nd1 Nxe4 13. Bxe7 Nxd2 14. Bxd8 Nxf3+ 15.
Bxf3 Raxd8 16. Ne3 d5 17. c3 Ne5 18. Be2 d4 19. cxd4 cxd4 20. Ng4 Ng6 21. g3 e5
22. f3 h5 23. Nf2 h4 24. gxh4 Nxh4 25. Ne4 Ng6 26. Rf2 Nf4 27. Rh2 Bd5 28. Kh1
Rc8 29. Rg1 Bxe4 30. fxe4 Rc2 31. Bf1 Rxh2+ 32. Kxh2 Rc8 33. h4 Rc2+ 34. Kg3
Rxb2 35. Kg4 g6 36. Kg5 Kg7 37. Rg3 Ra2 38. Kg4 Rxa3 39. Bh3 b4 0-1

[Event "13th Asian Continental 2014"]
[Site "Sharjah UAE"]
[Date "2014.04.18"]
[Round "2.1"]
[White "Sengupta, Deep"]
[Black "Kasimdzhanov, Rustam"]
[Result "1/2-1/2"]
[WhiteTitle "GM"]
[BlackTitle "GM"]
[WhiteElo "2531"]
[BlackElo "2693"]
[WhiteFideId "5008352"]
[BlackFideId "14200244"]
[EventDate "2014.04.17"]

1. e4 e5 2. Nf3 Nc6 3. Bb5 a6 4. Ba4 Nf6 5. O-O Be7 6. Re1 b5 7. Bb3 d6 8. c3
O-O 9. d4 Bg4 10. Be3 exd4 11. cxd4 Na5 12. Bc2 Nc4 13. Bc1 c5 14. b3 Na5 15.
Bb2 cxd4 16. Bxd4 Rc8 17. Nbd2 Nc6 18. Bb2 Nd7 19. a3 Nce5 20. Qb1 Bxf3 21. Nxf3
Nxf3+ 22. gxf3 Bf6 23. Kh1 Be5 24. f4 Bxb2 25. Qxb2 Qh4 26. Rg1 g6 27. Qc1 Nf6
28. Qd2 Ng4 29. Rg2 Qh3 30. Rag1 Qc3 31. Qxc3 Rxc3 32. Rxg4 Rxc2 33. Kg2 f5 34.
exf5 Rxf5 35. Rd1 Rf6 36. Rd3 Kf7 37. Kf3 Rc5 38. h4 h6 39. Rg1 Rcf5 40. Rd4 Ke7
41. b4 Kd7 42. Kg4 Re6 1/2-1/2

[Event "13th Asian Continental 2014"]
[Site "Sharjah UAE"]
[Date "2014.04.18"]
[Round "2.3"]
[White "Vaibhav, Suri"]
[Black "Yu, Yangyi"]
[Result "0-1"]
[WhiteTitle "GM"]
[BlackTitle "GM"]
[WhiteElo "2530"]
[BlackElo "2667"]
[WhiteFideId "5045185"]
[BlackFideId "8603820"]
[EventDate "2014.04.17"]

1. d4 Nf6 2. c4 g6 3. Nf3 Bg7 4. g3 O-O 5. Bg2 c6 6. O-O d5 7. Qa4 Bf5 8. Nc3
dxc4 9. Qxc4 Nbd7 10. Re1 Ne4 11. Qb3 Nb6 12. Nh4 Be6 13. Qc2 Nd6 14. Rd1 Rc8
15. e4 f5 16. d5 cxd5 17. exd5 Bd7 18. Re1 Na4 19. Bd2 Nxb2 20. Rac1 Nbc4 21.
Bg5 Re8 22. Qb3 h6 23. Bf4 g5 24. Bxd6 exd6 25. Rxe8+ Qxe8 26. Nf3 g4 0-1

[Event "13th Asian Continental 2014"]
[Site "Sharjah UAE"]
[Date "2014.04.18"]
[Round "2.4"]
[White "Ganguly, Surya Shekhar"]
[Black "Wang, Chen"]
[Result "1/2-1/2"]
[WhiteTitle "GM"]
[BlackTitle "IM"]
[WhiteElo "2631"]
[BlackElo "2513"]
[WhiteFideId "5002150"]
[BlackFideId "8601020"]
[EventDate "2014.04.17"]

1. e4 c5 2. Nf3 e6 3. d4 cxd4 4. Nxd4 Nc6 5. Nc3 Qc7 6. Be3 a6 7. Qd2 d6 8.
O-O-O Bd7 9. f4 Nf6 10. Be2 Rc8 11. Nb3 Na5 12. Kb1 Be7 13. Nxa5 Qxa5 14. Bf3 e5
15. Nd5 Qxd2 16. Nxf6+ Bxf6 17. Bxd2 exf4 18. Bxf4 1/2-1/2

[Event "13th Asian Continental 2014"]
[Site "Sharjah UAE"]
[Date "2014.04.18"]
[Round "2.6"]
[White "Nguyen, Duc Hoa"]
[Black "Nguyen, Ngoc Truong Son"]
[Result "1/2-1/2"]
[WhiteTitle "IM"]
[BlackTitle "GM"]
[WhiteElo "2508"]
[BlackElo "2621"]
[WhiteFideId "12401358"]
[BlackFideId "12401110"]
[EventDate "2014.04.17"]

1. d4 d5 2. c4 c6 3. Nf3 Nf6 4. Nc3 e6 5. Bg5 Nbd7 6. e3 Qa5 7. Nd2 Bb4 8. Qc2
c5 9. Bxf6 Nxf6 10. Nb3 Bxc3+ 11. Qxc3 Qxc3+ 12. bxc3 cxd4 13. cxd4 dxc4 14.
Bxc4 Bd7 15. f3 Rc8 16. Be2 Ke7 17. Kd2 Rc7 18. Rac1 Rhc8 19. e4 b6 20. Ba6 Rxc1
21. Nxc1 Rc7 22. Ne2 Ne8 23. Rc1 Rxc1 24. Nxc1 Nc7 25. Bd3 h6 26. g3 Bc6 27. Ke3
f6 28. f4 g6 29. Kd2 f5 30. d5 Bb7 31. Nb3 a5 32. Bc2 fxe4 33. Bxe4 Bxd5 34.
Bxg6 Kf6 35. Bc2 e5 36. fxe5+ Kxe5 37. Nc1 Ne6 38. Ke3 Nc5 39. h4 b5 40. a3 b4
41. axb4 axb4 42. g4 b3 43. Nd3+ Nxd3 44. Bxd3 b2 45. g5 hxg5 46. hxg5 Ba2 47.
g6 b1=Q 48. Bxb1 Bxb1 49. g7 Ba2 50. g8=B Bxg8 1/2-1/2

[Event "13th Asian Continental 2014"]
[Site "Sharjah UAE"]
[Date "2014.04.18"]
[Round "2.7"]
[White "Gundavaa, Bayarsaikhan"]
[Black "Adhiban, Baskaran"]
[Result "0-1"]
[WhiteTitle "GM"]
[BlackTitle "GM"]
[WhiteElo "2507"]
[BlackElo "2609"]
[WhiteFideId "4901045"]
[BlackFideId "5018471"]
[EventDate "2014.04.17"]

1. d4 Nf6 2. c4 g6 3. Nc3 d5 4. Bf4 Bg7 5. e3 O-O 6. Rc1 c5 7. dxc5 Be6 8. Nf3
Qa5 9. Nd4 Nc6 10. Be2 Nxd4 11. exd4 dxc4 12. O-O Rfd8 13. Qa4 Qxa4 14. Nxa4
Rxd4 15. Be3 Rdd8 16. Bxc4 Bxc4 17. Rxc4 Nd5 18. a3 Rac8 19. Rcc1 Nxe3 20. fxe3
Rd3 21. Kf2 Bxb2 22. Nxb2 Rd2+ 23. Kf3 Rxb2 24. Rb1 Rc2 25. Rf2 R2xc5 26. Rxb7
R8c6 27. g3 Rf5+ 28. Kg2 Re5 29. Rxa7 Rxe3 30. a4 f5 31. a5 Kf7 32. Ra2 Kf6 33.
Rb7 Ra6 34. Rb5 e6 35. Kf2 Re5 36. Rxe5 Kxe5 37. Kf3 g5 38. h4 h6 39. hxg5 hxg5
40. g4 f4 41. Ra1 Kd4 42. Ra4+ Kc5 43. Ra1 Kb5 44. Re1 Rxa5 45. Re5+ Kb4 46.
Re4+ Kc3 47. Rxe6 Kd4 48. Rg6 Re5 49. Rg8 Re3+ 50. Kf2 Ra3 51. Rxg5 Ke4 52. Rb5
Ra2+ 53. Kg1 f3 54. Rf5 Ke3 55. g5 Ra1+ 56. Kh2 f2 57. g6 Ra5 58. g7 Rxf5 59.
g8=Q f1=Q 60. Qe6+ 0-1

[Event "13th Asian Continental 2014"]
[Site "Sharjah UAE"]
[Date "2014.04.18"]
[Round "2.8"]
[White "Wan, Yunguo"]
[Black "Wen, Yang"]
[Result "0-1"]
[WhiteTitle "IM"]
[BlackTitle "GM"]
[WhiteElo "2505"]
[BlackElo "2581"]
[WhiteFideId "8603189"]
[BlackFideId "8602956"]
[EventDate "2014.04.17"]

1. e4 e5 2. Nf3 Nc6 3. d4 exd4 4. Nxd4 Nf6 5. Nxc6 bxc6 6. e5 Qe7 7. Qe2 Nd5 8.
c4 Nb6 9. Nc3 Ba6 10. b3 O-O-O 11. Bb2 Re8 12. f4 f6 13. O-O-O fxe5 14. fxe5
Qxe5 15. Qxe5 Rxe5 16. Bd3 Re3 17. Ne4 d5 18. Ng5 dxc4 19. Bf5+ Kb7 20. Nf7 c3
21. Nxh8 cxb2+ 22. Kc2 Nd5 23. Rde1 Bb4 24. Rxe3 Nxe3+ 25. Kxb2 Nxf5 26. Nf7 Be7
27. Re1 Bf6+ 28. Kc1 h5 29. Ne5 c5 30. Kd2 Bb5 31. a4 Bc6 32. Nxc6 Kxc6 33. Re8
Nh4 34. Rh8 Nxg2 35. Rxh5 Nf4 36. Rh8 Ng6 37. Ra8 Kb7 38. Re8 Ne5 39. h3 c4 40.
Kc3 Nf7+ 41. Kc2 Nd6 42. Rh8 cxb3+ 43. Kxb3 c5 44. h4 c4+ 45. Kc2 Nf5 46. h5 Kc6
47. Ra8 Bd4 48. Kd2 Kd5 49. a5 Ke4 50. a6 c3+ 0-1

[Event "13th Asian Continental 2014"]
[Site "Sharjah UAE"]
[Date "2014.04.18"]
[Round "2.9"]
[White "Jumabayev, Rinat"]
[Black "Debashis, Das"]
[Result "1/2-1/2"]
[WhiteTitle "GM"]
[BlackTitle "GM"]
[WhiteElo "2580"]
[BlackElo "2504"]
[WhiteFideId "13702661"]
[BlackFideId "5024854"]
[EventDate "2014.04.17"]

1. Nf3 d5 2. g3 Nf6 3. Bg2 c6 4. d3 Bg4 5. h3 Bh5 6. O-O Nbd7 7. Nbd2 e5 8. e4
dxe4 9. dxe4 Bc5 10. Nb3 Bb6 11. Qe2 O-O 12. a4 a5 13. Qc4 Re8 14. Nh4 Nf8 15.
Bf3 Qd7 16. Kg2 Ng6 17. Nf5 Bxf3+ 18. Kxf3 Ne7 19. Nxe7+ Rxe7 20. Kg2 Qe6 21.
Qxe6 Rxe6 22. Kf3 Ne8 23. Be3 Rf6+ 24. Ke2 Bxe3 25. Kxe3 Nd6 26. Nc5 b6 27. Nd3
Re8 28. b3 Rh6 29. Rh1 f5 30. f3 c5 31. Nf2 fxe4 32. Nxe4 Nxe4 33. Kxe4 c4 34.
Rad1 Rc6 35. Rhe1 Ree6 36. Rd7 Rg6 37. g4 Rgf6 38. Re3 cxb3 39. cxb3 Rh6 40.
Red3 Rxh3 41. R7d6 Rxd6 42. Rxd6 h5 43. gxh5 Rh4+ 44. Kxe5 Rb4 45. Rd3 b5 46.
axb5 Rxb5+ 47. Kd4 Rxh5 48. Kc4 Rf5 49. Kd4 Kf7 50. Ke4 Rb5 1/2-1/2

[Event "13th Asian Continental 2014"]
[Site "Sharjah UAE"]
[Date "2014.04.18"]
[Round "2.10"]
[White "Idani, Pouya"]
[Black "Sethuraman, S.P."]
[Result "1/2-1/2"]
[WhiteTitle "IM"]
[BlackTitle "GM"]
[WhiteElo "2502"]
[BlackElo "2576"]
[WhiteFideId "12510130"]
[BlackFideId "5021596"]
[EventDate "2014.04.17"]

1. d4 Nf6 2. c4 e6 3. Nc3 Bb4 4. e3 O-O 5. Ne2 c6 6. a3 Ba5 7. Bd2 d5 8. Ng3
Nbd7 9. cxd5 exd5 10. Bd3 Re8 11. O-O Nf8 12. f3 Bc7 13. Qe1 Ne6 14. Qf2 c5 15.
dxc5 Nxc5 16. Bc2 Bd7 17. Rad1 Be5 18. Be1 Qc7 19. Nxd5 Nxd5 20. Rxd5 Be6 21.
Bxh7+ Kxh7 22. Qc2+ Nd3 23. Qxd3+ Kg8 24. Rxe5 Qxe5 25. Bc3 Rad8 26. Qe2 Qd5 27.
e4 Qc5+ 28. Qf2 Qxf2+ 29. Kxf2 f6 30. Re1 Rd7 31. Ne2 Red8 32. Nf4 Kf7 33. h4
Rd1 34. h5 Bc4 35. g4 b5 36. Rxd1 Rxd1 37. e5 fxe5 38. Bxe5 a5 39. Bc3 Rb1 40.
g5 b4 41. axb4 axb4 42. Be5 Rf1+ 43. Ke3 Kg8 44. Kd4 Ba2 45. Nd3 Rxf3 46. Nxb4
Bf7 47. g6 Bb3 48. Nd3 Bd1 49. b4 Rxd3+ 50. Kxd3 Bxh5 51. Bxg7 1/2-1/2

[Event "13th Asian Continental 2014"]
[Site "Sharjah UAE"]
[Date "2014.04.18"]
[Round "2.11"]
[White "Salem, A.R. Saleh"]
[Black "Kunte, Abhijit"]
[Result "1-0"]
[WhiteTitle "GM"]
[BlackTitle "GM"]
[WhiteElo "2561"]
[BlackElo "2470"]
[WhiteFideId "9301348"]
[BlackFideId "5002265"]
[EventDate "2014.04.17"]

1. e4 c5 2. Nf3 e6 3. d4 cxd4 4. Nxd4 a6 5. Bd3 Ne7 6. O-O Nbc6 7. Nb3 Ng6 8.
Be3 Be7 9. a4 b6 10. f4 d6 11. N1d2 Rb8 12. c3 e5 13. f5 Nf4 14. Bxf4 exf4 15.
Rxf4 b5 16. axb5 Qb6+ 17. Kh1 axb5 18. Qe2 Bf6 19. Nf3 Bd7 20. Rd1 Ne5 21. Nxe5
Bxe5 22. Rh4 b4 23. Nd2 bxc3 24. bxc3 Bxc3 25. e5 Bxe5 26. Nc4 Qc5 27. Nxe5 dxe5
28. Rc4 Qa5 29. Rd4 Bc8 30. Bb5+ Qxb5 31. Rd8+ Ke7 32. Qd2 Qf1+ 33. Rxf1 Rxd8
34. Qg5+ Ke8 35. Qxg7 Bxf5 36. Qg8+ 1-0

[Event "13th Asian Continental 2014"]
[Site "Sharjah UAE"]
[Date "2014.04.18"]
[Round "2.12"]
[White "Dao, Thien Hai"]
[Black "Ghaem Maghami, Ehsan"]
[Result "0-1"]
[WhiteTitle "GM"]
[BlackTitle "GM"]
[WhiteElo "2490"]
[BlackElo "2556"]
[WhiteFideId "12400084"]
[BlackFideId "12500739"]
[EventDate "2014.04.17"]

1. d4 Nf6 2. c4 e6 3. Nc3 Bb4 4. Qc2 O-O 5. a3 Bxc3+ 6. Qxc3 d6 7. Nf3 Nbd7 8.
e3 b6 9. Be2 Bb7 10. O-O Ne4 11. Qc2 f5 12. b4 Rf6 13. Bb2 Rg6 14. g3 Qe7 15.
Rad1 Rf8 16. Ne1 Qh4 17. Ng2 Qh3 18. Nf4 Nxg3 19. fxg3 Rxg3+ 20. Kf2 Qxh2+ 21.
Ke1 Rxe3 22. Qd2 Qg3+ 23. Rf2 Nf6 24. Bc1 Ng4 0-1

[Event "13th Asian Continental 2014"]
[Site "Sharjah UAE"]
[Date "2014.04.18"]
[Round "2.13"]
[White "Gopal, G.N."]
[Black "Mamyrbay, Assad"]
[Result "1-0"]
[WhiteTitle "GM"]
[WhiteElo "2553"]
[BlackElo "2017"]
[WhiteFideId "5015693"]
[BlackFideId "13708880"]
[EventDate "2014.04.17"]

1. e4 e5 2. Nf3 Nc6 3. Bb5 Nf6 4. d3 Bc5 5. c3 O-O 6. O-O d6 7. h3 Bb6 8. Re1
Ne7 9. Nbd2 c6 10. Ba4 Ng6 11. Bc2 Re8 12. d4 Bc7 13. Nf1 d5 14. Bg5 dxe4 15.
Rxe4 h6 16. Bxf6 Qxf6 17. Ng3 Rd8 18. Qe1 exd4 19. Nh5 Qd6 20. Rxd4 Qf8 21. Rxd8
Qxd8 22. Rd1 Qf8 23. Rd2 c5 24. Re2 Bd7 25. Bxg6 fxg6 26. Nxg7 Bxh3 27. Ne6 Bxe6
28. Rxe6 g5 29. Re7 Rc8 30. Qe6+ Kh8 31. Rf7 1-0

[Event "13th Asian Continental 2014"]
[Site "Sharjah UAE"]
[Date "2014.04.18"]
[Round "2.17"]
[White "Vidit, Santosh Gujrathi"]
[Black "Wang, Yiye"]
[Result "1-0"]
[WhiteTitle "GM"]
[WhiteElo "2610"]
[BlackElo "2415"]
[WhiteFideId "5029465"]
[BlackFideId "8606021"]
[EventDate "2014.04.17"]

1. Nf3 Nf6 2. c4 c5 3. Nc3 g6 4. g3 Bg7 5. Bg2 O-O 6. O-O Nc6 7. d4 cxd4 8. Nxd4
Qb6 9. Nc2 d6 10. b3 Qa5 11. Bd2 Qh5 12. e4 Bg4 13. f3 Bh3 14. Rc1 Rfc8 15. Ne3
Bxg2 16. Kxg2 Qa5 17. a4 Qb6 18. Ncd5 Nxd5 19. Nxd5 Qd8 20. Bc3 e6 21. Ne3 Qb6
22. Bxg7 Kxg7 23. Rc3 h5 24. Qd2 Nb4 25. Rd1 Rc6 26. f4 Qc5 27. Nc2 Rac8 28. Nd4
Ra6 29. f5 exf5 30. exf5 d5 31. fxg6 fxg6 32. Re1 Kg8 33. Ne6 Qc6 34. Rf3 Qd7
35. Rf6 1-0

[Event "13th Asian Continental 2014"]
[Site "Sharjah UAE"]
[Date "2014.04.18"]
[Round "2.18"]
[White "Vishnu Prasanna, V"]
[Black "Gao, Rui"]
[Result "1-0"]
[WhiteTitle "GM"]
[BlackTitle "GM"]
[WhiteElo "2465"]
[BlackElo "2484"]
[WhiteFideId "5030692"]
[BlackFideId "8602387"]
[EventDate "2014.04.17"]

1. e4 c5 2. Nf3 d6 3. d4 cxd4 4. Nxd4 Nf6 5. Nc3 a6 6. Be3 e5 7. Nb3 Be7 8. h3
Be6 9. f4 b5 10. Qf3 b4 1-0

[Event "13th Asian Continental 2014"]
[Site "Sharjah UAE"]
[Date "2014.04.18"]
[Round "2.20"]
[White "Al-Sayed, Mohammed"]
[Black "Al-Hadarani, Hatim"]
[Result "1-0"]
[WhiteTitle "GM"]
[BlackTitle "FM"]
[WhiteElo "2502"]
[BlackElo "2249"]
[WhiteFideId "12100196"]
[BlackFideId "9400273"]
[EventDate "2014.04.17"]

1. d4 d5 2. c4 c6 3. Nc3 Nf6 4. e3 g6 5. Nf3 Bg7 6. Be2 O-O 7. O-O Nbd7 8. cxd5
Nxd5 9. e4 Nxc3 10. bxc3 e5 11. Rb1 exd4 12. cxd4 Nf6 13. Bd3 Re8 14. Re1 b6 15.
h3 Bb7 16. Bg5 h6 17. Bh4 g5 18. Bg3 Qe7 19. Bh2 Rad8 20. Qe2 c5 21. d5 Bc8 22.
Ne5 Bd7 23. Bc4 Rf8 24. Ng6 fxg6 25. d6+ Qe6 26. Bxe6+ Bxe6 27. a4 Nh5 28. e5
Nf4 29. Bxf4 Rxf4 30. a5 bxa5 31. Rb7 a4 32. Qc2 Kh7 33. Qxc5 g4 34. Qxa7 Rg8
35. hxg4 Rxg4 36. f3 Rc4 37. Re7 1-0

[Event "13th Asian Continental 2014"]
[Site "Sharjah UAE"]
[Date "2014.04.18"]
[Round "2.21"]
[White "Shyam, Sundar M."]
[Black "Raes, Abdul Kader"]
[Result "1-0"]
[WhiteTitle "GM"]
[WhiteElo "2481"]
[BlackElo "2248"]
[WhiteFideId "5019141"]
[BlackFideId "7600801"]
[EventDate "2014.04.17"]

1. e4 c5 2. Nf3 d6 3. d4 cxd4 4. Nxd4 Nf6 5. Nc3 g6 6. Be3 Bg7 7. f3 Nc6 8. Qd2
O-O 9. g4 Nxd4 10. Bxd4 Be6 11. h4 Qa5 12. h5 Rfc8 13. Rd1 Qc7 14. Be2 a6 15. f4
Qc6 16. hxg6 fxg6 17. Qe3 Nxg4 18. Qh3 h5 19. Bxg7 Kxg7 20. f5 gxf5 21. Qxh5 Rh8
22. Qg5+ Kf7 23. Rxh8 Rxh8 24. exf5 Rh1+ 25. Kd2 Rxd1+ 26. Bxd1 Qg2+ 27. Be2
Bxf5 28. Qxf5+ Nf6 29. a4 Qg1 30. Qf4 a5 31. Nd5 Qg7 32. Nxf6 Qxf6 33. Ke3 b6
34. c3 Qxf4+ 35. Kxf4 Kf6 36. Ke4 e6 37. Bg4 Ke7 38. Kd4 Kd7 39. Kc4 d5+ 40. Kb5
Kd6 41. Kxb6 e5 42. Kxa5 Kc5 43. b4+ 1-0

[Event "13th Asian Continental 2014"]
[Site "Sharjah UAE"]
[Date "2014.04.18"]
[Round "2.22"]
[White "Ayyad, Maher"]
[Black "Vakhidov, Jahongir"]
[Result "0-1"]
[WhiteTitle "FM"]
[BlackTitle "IM"]
[WhiteElo "2161"]
[BlackElo "2472"]
[WhiteFideId "11200235"]
[BlackFideId "14201801"]
[EventDate "2014.04.17"]

1. d4 g6 2. Nf3 Bg7 3. c4 d6 4. Nc3 Bg4 5. e3 Nf6 6. Be2 O-O 7. O-O c6 8. h3
Bxf3 9. Bxf3 Na6 10. Rb1 Nc7 11. b4 d5 12. b5 cxb5 13. Nxb5 Ne6 14. cxd5 Ng5 15.
d6 exd6 16. Ba3 Nfe4 17. Bxe4 Nxe4 18. Qc2 Re8 19. Qc7 Nd2 20. Qxd8 Rexd8 21.
Bxd6 Nxb1 22. Rxb1 Rd7 23. Bg3 b6 24. d5 Rc8 25. e4 Rc2 26. a4 Rc4 27. Nd6 Rxa4
28. Rc1 Ra1 29. Rxa1 0-1

[Event "13th Asian Continental 2014"]
[Site "Sharjah UAE"]
[Date "2014.04.18"]
[Round "2.23"]
[White "Darini, Pouria"]
[Black "Igonin, Temur"]
[Result "0-1"]
[WhiteTitle "GM"]
[BlackTitle "FM"]
[WhiteElo "2471"]
[BlackElo "2194"]
[WhiteFideId "12502200"]
[BlackFideId "14203049"]
[EventDate "2014.04.17"]

1. e4 c5 2. Nf3 d6 3. Bb5+ Bd7 4. Bxd7+ Qxd7 5. O-O Nf6 6. Re1 e6 7. c3 Nc6 8.
d4 cxd4 9. cxd4 d5 10. e5 Ne4 11. a3 Be7 12. Qd3 O-O 13. Nbd2 Nxd2 14. Bxd2 Rac8
15. h4 h6 16. Re3 Qd8 17. h5 Bg5 18. Re2 Bxd2 19. Qxd2 Na5 20. Rae1 Qb6 21. Qf4
Rc4 22. Rd1 Nb3 23. Re3 Nc1 24. b4 a5 25. bxa5 Qb2 26. Qg4 Rfc8 27. Nh4 Rc2 28.
Rde1 R8c3 29. Rxc3 Qxc3 30. Re3 Qd2 31. Kh2 Ne2 32. a6 bxa6 33. Rb3 Rb2 34. Nf3
Qc1 35. Rxb2 Qxb2 36. Qh4 Qxa3 37. Qd8+ Qf8 38. Qa5 Qc8 39. g4 Qc1 40. Qd8+ Kh7
41. g5 Qf4+ 42. Kg2 Qg4+ 43. Kh2 Qxh5+ 44. Kg2 Qg4+ 45. Kh2 0-1

[Event "13th Asian Continental 2014"]
[Site "Sharjah UAE"]
[Date "2014.04.18"]
[Round "2.24"]
[White "Muniz Pardino, Alberto"]
[Black "Pourramezanali, Amirreza"]
[Result "0-1"]
[BlackTitle "FM"]
[WhiteElo "2105"]
[BlackElo "2435"]
[WhiteFideId "2229560"]
[BlackFideId "12511412"]
[EventDate "2014.04.17"]

1. e4 e6 2. d4 d5 3. Nd2 Be7 4. Ngf3 Nf6 5. e5 Nfd7 6. Bd3 c5 7. c3 Nc6 8. O-O
O-O 9. Re1 cxd4 10. cxd4 f6 11. exf6 Nxf6 12. Nf1 Qb6 13. Ng3 Bd7 14. Re2 Bd6
15. Be3 Ng4 16. Bxh7+ Kxh7 17. Qd3+ Kg8 18. Ng5 Nf6 19. Nh5 Ne4 20. Nxe4 dxe4
21. Qxe4 Qb5 22. Qg6 Rf7 23. Bh6 Qf5 0-1

[Event "13th Asian Continental 2014"]
[Site "Sharjah UAE"]
[Date "2014.04.18"]
[Round "2.25"]
[White "Munkhgal, Gombosuren"]
[Black "Al Mutairi, Hassan S"]
[Result "1-0"]
[WhiteTitle "IM"]
[WhiteElo "2424"]
[BlackElo "2106"]
[WhiteFideId "4901266"]
[BlackFideId "21500193"]
[EventDate "2014.04.17"]

1. d4 d5 2. c4 Bf5 3. Nc3 e6 4. Nf3 c6 5. g3 Nd7 6. Bg2 Ngf6 7. Nh4 Bg6 8. O-O
Bb4 9. Qb3 a5 10. a3 Bxc3 11. bxc3 Qb6 12. Qa2 a4 13. Nxg6 hxg6 14. Rb1 Qa6 15.
cxd5 exd5 16. Qb2 b5 17. Qb4 Qa5 18. Qd6 Rc8 19. Bg5 Qc7 20. Qb4 Nb8 21. Bf4 Na6
22. Bxc7 Nxb4 23. cxb4 Rxc7 24. Rbc1 Kd7 25. f3 Re8 26. e4 dxe4 27. fxe4 Re7 28.
Rfe1 Kd8 29. e5 Nd5 30. Rc5 Kc8 31. Rec1 f6 32. Rxc6 Ne3 33. d5 Nxg2 34. d6 1-0

[Event "13th Asian Continental 2014"]
[Site "Sharjah UAE"]
[Date "2014.04.18"]
[Round "2.27"]
[White "Akshat, Khamparia"]
[Black "Al-Hajiri, Bader"]
[Result "1-0"]
[WhiteTitle "IM"]
[WhiteElo "2374"]
[BlackElo "2095"]
[WhiteFideId "5016541"]
[BlackFideId "10300163"]
[EventDate "2014.04.17"]

1. d4 d5 2. c4 c6 3. Nc3 Nf6 4. cxd5 cxd5 5. Bf4 Nc6 6. e3 a6 7. Bd3 Qb6 8. Nge2
Bg4 9. O-O e6 10. Na4 Qa5 11. Rc1 Be7 1-0